| 000 | 00434nam a2200181Ia 4500 | ||
|---|---|---|---|
| 005 | 20250603150022.0 | ||
| 008 | 250603s9999 xx 000 0 und d | ||
| 020 | _a9788120321519 | ||
| 050 | _aTC 145 .W87/ | ||
| 100 | _aWurbs, Ralph A. | ||
| 245 | 0 | _aWater resources engineering | |
| 260 | _aNew Jersey | ||
| 260 | _bPHI learning private limited. | ||
| 260 | _c2013 | ||
| 300 | _a828 p | ||
| 650 | _aNew Jersey | ||
| 942 | _cBK | ||
| 999 |
_c43524 _d43524 |
||